| 000 | 00461nam a22001577a 4500 | ||
|---|---|---|---|
| 999 |
_c106979 _d106979 |
||
| 005 | 20180818111921.0 | ||
| 008 | 180818b ||||| |||| 00| 0 eng d | ||
| 020 | _a9781780761046 | ||
| 040 | _cPK-LaUMT | ||
| 082 |
_a956.70443 _bCHE-N |
||
| 100 | _aCherkaoui, Tarek | ||
| 245 |
_aThe news media at war : _bthe clash of western and networks in the Middle East / _cTarek Cherkaoui |
||
| 260 |
_aLondon : _bI. B. Tauris, _c2017 |
||
| 300 | _a308 p. | ||
| 942 | _cBK | ||